| 000 | 01053nam a2200241Ia 4500 | ||
|---|---|---|---|
| 999 |
_c38779 _d38779 |
||
| 001 | 5128 | ||
| 003 | GE_BSU | ||
| 005 | 20211020135539.0 | ||
| 008 | 181216s2004||||ge |||||||||||||| ||geo|| | ||
| 020 | _a9992897015 | ||
| 040 | _cGE_BSU | ||
| 041 | _ageo | ||
| 080 | _a316.1 + 159.9 ჩ-12 | ||
| 100 |
_aჩაგანავა, გურამ _92798 |
||
| 245 |
_aისტორიული და სოციალური ფსიქოლოგიის პრობლემები / _cგ. ჩაგანავა, რედ. ნ. კახიძე |
||
| 264 |
_aბათუმი : _bბათუმის უნივერსიტეტი, _c2004. |
||
| 300 |
_a254 გვ.; _c22 სმ. |
||
| 504 | _a;ბიბლიოგრ. : გვ. 252 | ||
| 653 | _aისტორიული და სოციალური ფსიქოლოგიის პრობლემები | ||
| 653 | _aფსიქოლოგია | ||
| 700 |
_aკახიძე,ნ _eრედაქტორი _92798 |
||
| 942 |
_cBK _2udc |
||